000 00590nam a22002177a 4500
003 UA-OsUOA
001 38095
007 ta
008 20060426b un ||||| |||| 00| 0 ukr d
100 _aВасильчук Юрій
090 _a32
_bВ11
942 _cSA
040 _aUA-OsUOA
_bukr
_cUA-OsUOA
_dUA-OsUOA
245 _aНе зазіхайте на Україну!Взагалі забудьте про таке
300 _a2 с.
955 _a0
041 _aukr
080 _a32
773 0 _w38094
_tУкраїна- business
_dК.
_d2006
_g14
650 7 _a32 Політика
_2UDC
999 _c324260
_d324260